| 000 | 00000nas##2200000za#4500 |
| 001 | 9.504339 |
| 003 | CaOODSP |
| 005 | 20210319123952 |
| 007 | cr ||||||||||| |
| 008 | 150406c2007||||xxc|| m o||||f| |0fre|d |
| 040 | |aCaOODSP|bfre |
| 043 | |an-cn--- |
| 086 | 1 |aSC102-1F-MP3 |
| 110 | 2 |aÉcole de la fonction publique du Canada. |
| 245 | 10|aProgramme de français langue seconde - Niveau C. Fichier audio |h[ressource électronique] |
| 260 | |aOttawa - Ontario : |bÉcole de la fonction publique du Canada |c2004. |
| 300 | |aDurée : 00:00:00 |
| 310 | |aIrrégulier |
| 500 | |aTitre de l'édition imprimée et du catalogueur. |
| 691 | 07|aFrançais langue seconde|2gcpds |